| 000 | 00763nam a2200205Ia 4500 | ||
|---|---|---|---|
| 008 | 150520s9999 xx 000 0 und d | ||
| 050 | _aRM 214 | ||
| 050 | _b.Am526 2015 | ||
| 100 | _aAmparado, Resannie A. | ||
| 245 | _aEffectiveness of syzygium cumini (java plum) crude extract as an alternative to crystal violet in simple stain / | ||
| 245 | _cResannie A. Amparado, Pauleene G. Antonio, Alyssa Kiana Ysabel M. Butingan, Charissa Claireen C. Cruz, Jemille Sarah J. Palma, Joveleen Jonah C. Petalver. | ||
| 260 | _aLas PiƱas, Philippines : | ||
| 260 | _bSISC, | ||
| 260 | _c2015. | ||
| 300 | _a65 pages : | ||
| 300 | _bcolor illustrations ; | ||
| 300 | _c28 cm. | ||
| 500 | _aIncludes bibliographical references and appendices. | ||
| 650 | _aPlum | ||
| 999 |
_c284056 _d284056 |
||